| 000 | 02831nam a2200253Ia 4500 | ||
|---|---|---|---|
| 003 | CO-CtgCURN | ||
| 005 | 20250827150416.0 | ||
| 008 | 190726s2003 xx 000 0 und d | ||
| 020 | _a9587060369 | ||
| 040 |
_aCO-CtgCURN _bspa _ccoctgcurn |
||
| 082 |
_aCo863.44 _bZ22c |
||
| 100 |
_aZalamea, Eduardo _eautor |
||
| 245 | 0 |
_a4 años a bordo de mi mismo : _bdiario de los 5 sentidos / _cEduardo Zalamea |
|
| 260 |
_aBogotá, Colombia : _bCasa Editorial El Tiempo, _c2003 |
||
| 300 |
_a307 páginas ; _c21 centímetros |
||
| 490 |
_aColombia ; _v15 |
||
| 500 | _aIncluye índice | ||
| 505 | _a1. Partida. Iniciación de la línea. Viaje -- 2. Hacia mi ciudad por el recuerdo -- 3. La tempestad, y sin la llegada, iniciar de nuevo la partida -- 4. La calles y el vagabundo. Segunda vez Puerto Colombia -- 5. Capítulo extraordinario y matemático como un vuelo de submarinos. El número es la clave del mundo. 1 mas 1, es igual a 3 -- 6. Riohacha, puerto de aguas bicolores. Visión múltiple de la primera india. La ruleta. La reina de los estudiantes. Aspectos diversos -- 8. El matrimonio indígena. Primera sangra sobre el mar -- 9. La soledad total al lado de la muerte. recuerdos -- 10. La despedida del dolor. Manaure y salima -- 11. Ron y cumbia. Aparición de Kuhmare -- 12. Vuelta de pablo. Tiros, historias y sucesos -- 13. Arrepentimiento y asco. Los indios. Llega Manuel. Encuentro -- 14. Cerca del cadáver. El entierro. El abominable Tomasito -- 15. El viaje de don Pachito. Tucuracas y el cardón -- 16. El cabo de la vela. Presentación sentimental y poliédrica de la terroza, azul, ventosa bahiahonda -- 17. Las conversaciones en la pila de sal. La mujer de Víctor. 12 de la noche. Primera guardia -- 18. En casa de Lola. Viaje de Víctor. Carta y canciones -- 19. El hilo se enreda y se anuda. Indias de cada dia. El encierro -- 20. Frente a los ojos de Lolita. La aventura nocturna de Hernando. En bahiahonda nace una nueva vida -- 21. Comparto uno de mis secretos. Regresa "La linda". Abundancia, trabajo y noticias -- 22. El trabajo y la nueva amistad. Vida de Gabriel y Lolita. La carta. Muerte y entierro de Maria -- 23. El matrimonio de Patricio. Una vida terrestre se apaga bajo el mar. Las perlas y la sangre. Oración -- 24. La tristeza y la vuelta de Máximo. PAtricio y Jenia. Trabajo -- 25. El cambio de Dick. La goleta abandonada. Un atentado -- 26. ¡tenemos hambre...!¡Hambre...! ¡¡¡H-a-m-b-r-e-e...!1! ¡¡¡Desesperación...!!! -- 27. El hartazgo. el parto. Comienzo y fin. Despedida -- 28. Viaje de regreso. Encuentro con la civilización. Balance | ||
| 521 | _aAREA BASICA | ||
| 590 | _aTodos los programas académicos | ||
| 650 | _aNovela colombiana | ||
| 942 |
_cBK _hCo863.44 _iZ22c _2ddc _n0 |
||
| 999 |
_c30589 _d30589 |
||